| 000 | 01610nam0a2200385 4500 | ||
|---|---|---|---|
| 001 | RU\NLR\bibl\1422006 | ||
| 005 | 20260607045514.0 | ||
| 010 |
_a978-5-9787-0367-2 _bв пер. _92000 |
||
| 021 |
_aRU _b2009-63232 _93898 |
||
| 035 | _a(nilc)RSL-KNO-004367400 | ||
| 035 | _a(NLR Aleph) 001413945 | ||
| 090 |
_a1300102 _c1300102 |
||
| 100 | _a20090724d2009 |||y0rusy50 ca | ||
| 101 | 1 |
_arus _ceng |
|
| 102 | _aRU | ||
| 105 | _ay zzzz||||| | ||
| 200 | 1 |
_aДве жизни _eначало _eЭль Мория, Джуал Кхул, Майтрея _fЭ. Кришнамачарья _g[пер. с англ. К. А. Зайцева] |
|
| 210 |
_aМосква _cАмрита-Русь _d2009 |
||
| 215 |
_a189, [2] с. _d21 |
||
| 300 | _aНа обл. авт. не указан | ||
| 517 | 0 | _aЭль Мория. Джул Кхул. Майтрея. Две жизни. Начало | |
| 606 | 1 |
_aТеософия _91157305 _3RU\NLR\auth\66144541 |
|
| 686 |
_aЭ391.9,0 _2rubbk |
||
| 686 | _aЭ391.6 | ||
| 700 | 1 |
_4070 _7ca _8rus _aКришнамачарья _bК. Э. _f1926- _gКулапати Эккирала _98300 _3RU\NLR\auth\7725251 |
|
| 702 | 0 |
_4570 _7ca _8rus _aЭль Мория _cдух _9118727 _3RU\NLR\AUTH\778845 |
|
| 702 | 0 |
_4570 _7ca _8rus _aДжвал Кул _cдух _9118935 _3RU\NLR\AUTH\779067 |
|
| 702 | 0 |
_4570 _7ca _8rus _aМайтрейя _cдух _930236 _3RU\NLR\AUTH\7747301 |
|
| 801 | 0 |
_aRU _bРКП _c20090724 _grcr |
|
| 801 | 1 |
_aRU _bРГБ _c20090724 |
|
| 801 | 2 |
_aRU _bNLR _c20091009 _grcr |
|
| 942 | _cBOOK | ||
| 980 | _aNB | ||